European Secessionist Movements on a Map - cursed - Statistics

General Stats
  • This quiz has been taken 85 times
  • The average score is 13 of 18
Answers on the Map
Answers color-coded by a green-red scale on the quiz's map according to % correct below.
 
Answer Stats
Currently part of Secessionist movement % Correct
Spain Catalonia
97%
United Kingdom Scotland
94%
France, Spain Basque Country
91%
Germany Bavaria
89%
Italy Sicily
83%
Spain Galicia
81%
France Brittany
76%
France Corsica
76%
Denmark Faroe Islands
76%
Belgium Flanders
71%
Moldova Transnistria
71%
Finland Åland Islands
70%
Finland, Russia Karelia
70%
Bosnia and Herzegovina Republika Srpska
63%
Czech Republic Moravia
61%
Italy Padania
57%
United Kingdom Cornwall
56%
Serbia Vojvodina
44%
No matching quizzes found
Score Distribution
Percent of People with Each Score
Percentile by Number Answered
Your Score History
You have not taken this quiz